000 00616nam a22001937a 4500
999 _c179806
_d179806
005 20210708170819.0
010 _aENG-129533
020 _c310.00
_a78-81-922230-5-6
035 _aEN-113065
037 _bDBAD/PUB
082 _a793.31954
100 _aSumithra Engersoll
245 _aNatiya Kaviyam/
_cby Sumithra Engersoll
250 _a1st
260 _aKarnataka, India
_bKaviya Mullai Pathippagam
_c2019
270 _bBangalore
_k9740157077
_e560043
_aG4, Ohana gardens, 21. Ramamurthy nagar main road , Dodda Banaswadi
300 _a200p;
_c23cm(pbk)
942 _2ddc
_cEN
_h793.31954
_mENG